000 00637nam a2200241Ia 4500
003 OSt
005 20220918181814.0
006 a|||||r|||| 00| 0
007 ta
008 220917b |||||||| |||| 00| 0 eng d
024 _a28,660
037 _cTextual
040 _aARTS
_cARTS
_beng
041 _2eng
_aeng
082 _aO111,1NJAx, N3
100 _aJayaram Amit
_959280
245 0 _aTemple in Ayodhya
260 _aNew Delhi
_bRupa
_c1993
300 _a79p.
_ccm.
650 _aENGLISH LITERATURE; ENGLISH POETRY
_927908
942 _hO111,1NJAx, N3
_cTEXL
_2CC
999 _c166886
_d166886